100 ways to cook potatoes / (Record no. 17486)
[ view plain ]
| 000 -LEADER | |
|---|---|
| fixed length control field | 03023nam a22003614a 4500 |
| 005 - DATE AND TIME OF LATEST TRANSACTION | |
| control field | 20080729164931.0 |
| 008 - FIXED-LENGTH DATA ELEMENTS--GENERAL INFORMATION | |
| fixed length control field | 080416s2008 waua 001 0 eng |
| 010 ## - LCCN (DPL NO) | |
| LC control number | B-278388-396 |
| 020 ## - INTERNATIONAL STANDARD BOOK NUMBER | |
| International Standard Book Number | 9788179927106 |
| Terms of availability | 125.00 |
| 035 ## - SYSTEM CONTROL NUMBER | |
| System control number | B-278388-396 |
| 037 ## - SOURCE OF ACQUISITION | |
| Stock number | Aakar Books/1-125/10.6.08/63/16.5.08/11.7.08/ |
| 040 ## - CATALOGING SOURCE | |
| Original cataloging agency | DPL |
| Language of cataloging | English |
| 082 ## - DEWEY DECIMAL CLASSIFICATION NUMBER | |
| Classification number | 641.6521 |
| 100 ## - MAIN ENTRY--PERSONAL NAME | |
| Personal name | Amrita S. Priya |
| 245 ## - TITLE STATEMENT | |
| Title | 100 ways to cook potatoes / |
| Statement of responsibility, etc | by Amrita S. Priya |
| 246 ## - VARYING FORM OF TITLE | |
| Title proper/short title | One hundred ways to cook potatoes |
| 260 ## - PUBLICATION, DISTRIBUTION, ETC. (IMPRINT) | |
| Place of publication, distribution, etc | Mumbai |
| Name of publisher, distributor, etc | Jaico Publishing House |
| Date of publication, distribution, etc | 2007 |
| 270 ## - ADDRESS | |
| Address | 121 Mahatma Gandhi Road, |
| City | Mumbai |
| Postal code | 400001 |
| 300 ## - PHYSICAL DESCRIPTION | |
| Extent | viii, 103p. |
| Dimensions | 18cm (pbk) |
| 942 ## - ADDED ENTRY ELEMENTS (KOHA) | |
| Source of classification or shelving scheme | Dewey Decimal Classification |
| Item type | English Books |
| Call number suffix | AMR |
| Classification part | 641.6521 |
| Withdrawn status | Lost status | Source of classification or shelving scheme | Damaged status | Not for loan | Collection code | Home library | Current library | Date acquired | Source of acquisition | Cost, normal purchase price | Total Checkouts | Full call number | Barcode | Date last seen | Copy number | Cost, replacement price | Koha item type | Total Renewals |
|---|---|---|---|---|---|---|---|---|---|---|---|---|---|---|---|---|---|---|
| Dewey Decimal Classification | Non-fiction | Bawana | Bawana | 25/11/2008 | Aakar Books/1-125/10.6.08/63/16.5.08/11.7.08/ | 125.00 | 1 | 641.6521 AMR | B-278395 | 20/12/2022 | 1 | 125.00 | English Books | |||||
| Dewey Decimal Classification | Non-fiction | Central Library | Central Library | 25/11/2008 | Aakar Books/1-125/10.6.08/63/16.5.08/11.7.08/ | 125.00 | 641.6521 AMR | B-278388 | 25/11/2008 | 1 | 125.00 | English Books | ||||||
| Dewey Decimal Classification | Non-fiction | Karol Bagh | Karol Bagh | 25/11/2008 | Aakar Books/1-125/10.6.08/63/16.5.08/11.7.08/ | 125.00 | 641.6521 AMR | B-278393 | 25/11/2008 | 1 | 125.00 | English Books | ||||||
| Dewey Decimal Classification | Non-fiction | Kasturba Gandhi Marg | Kasturba Gandhi Marg | 25/11/2008 | Aakar Books/1-125/10.6.08/63/16.5.08/11.7.08/ | 125.00 | 1 | 641.6521 AMR | B-278390 | 11/09/2023 | 1 | 125.00 | English Books | 1 | ||||
| Dewey Decimal Classification | Non-fiction | Narela | Narela | 25/11/2008 | Aakar Books/1-125/10.6.08/63/16.5.08/11.7.08/ | 125.00 | 641.6521 AMR | B-278394 | 25/11/2008 | 1 | 125.00 | English Books | ||||||
| Dewey Decimal Classification | Non-fiction | Patel Nagar | Patel Nagar | 25/11/2008 | Aakar Books/1-125/10.6.08/63/16.5.08/11.7.08/ | 125.00 | 1 | 641.6521 AMR | B-278389 | 15/06/2023 | 1 | 125.00 | English Books | |||||
| Dewey Decimal Classification | Non-fiction | Peshwa Road | Peshwa Road | 25/11/2008 | Aakar Books/1-125/10.6.08/63/16.5.08/11.7.08/ | 125.00 | 641.6521 AMR | B-278391 | 25/11/2008 | 1 | 125.00 | English Books | ||||||
| Dewey Decimal Classification | Non-fiction | Sarojini Nagar | Sarojini Nagar | 25/11/2008 | Aakar Books/1-125/10.6.08/63/16.5.08/11.7.08/ | 125.00 | 641.6521 AMR | B-278392 | 25/11/2008 | 1 | 125.00 | English Books | ||||||
| Dewey Decimal Classification | Non-fiction | Shahdara Branch | Shahdara Branch | 25/11/2008 | Aakar Books/1-125/10.6.08/63/16.5.08/11.7.08/ | 125.00 | 641.6521 AMR | B-278396 | 25/11/2008 | 1 | 125.00 | English Books | ||||||
| Dewey Decimal Classification | Non-fiction | Vinoba Puri | Vinoba Puri | 25/11/2008 | Aakar Books/I-275/29.7.08/138/21.7.08/13.8.08 | 125.00 | 18 | 641.6521 AMR | B-284327 | 20/04/2024 | 1 | 125.00 | English Books | 1 |
